| 000 | 00406nam a22001217a 4500 | ||
|---|---|---|---|
| 082 | _a220 PRO | ||
| 100 |
_a(NC) ALI ASGHAR (NC) MOHAMMAD SALMAN _971059 |
||
| 245 | _aPR-SOF-1623- DESIGN OF A PROSTHETIC HAND | ||
| 260 |
_aISLAMABAD _bNUST COLLEGE OF EME _c2017 |
||
| 650 | _aDE-MECH-35 | ||
| 700 |
_aSUPERVISORS ASSISTANT. PROFESSOR YASSER RIAZ AWAN ASSOCIATE. PROFESSOR DR. YASAR AYAZ _971060 |
||
| 942 | _cCR | ||
| 999 |
_c577784 _d577784 |
||